Докладна записка от проф. М. Арнаудов, нещатен сътрудник при Архивния институт на БАН (Запис номер 346158)
[ съкратено ]
| 000 -Лидер | |
|---|---|
| Контролно поле с фиксирана дължина | nam a22 4500 |
| 003 - Код на организацията, давaща контролен номер | |
| Контролно поле | BLK |
| 005 - Дата и час на последна редакция | |
| Контролно поле | 20191024101426.0 |
| 008 - Елементи от данни с фиксирана дължина | |
| fixed length control field | 191024b bu ||||| |||| 00| 0 bu d |
| 040 ## - Източник на каталожния запис | |
| Идентификатор на билиотеката - собственик на записа | BLK |
| 041 ## - Код за език | |
| Код за езика на текст/звукозапис или на отделно заглавие | Български |
| Код за езика КДБФ | Български |
| 080 ## - УДК | |
| Текстов определител УДК | Исторически музеи |
| УДК код - определител по УДК | 069.02:93/99 |
| УДК - код + определител | 069.02:93/99 |
| 245 ## - Сведения за заглавието | |
| Заглавие | Докладна записка от проф. М. Арнаудов, нещатен сътрудник при Архивния институт на БАН |
| Подзаглавни данни | По въпроса за музей на Възраждането в гр. Котел и за възстановяване родната къща на революционера Г. С. Раковски |
| 300 ## - Физическа характеристика | |
| Страници | 1 л. |
| 380 ## - Жанр | |
| Жанр | История |
| 490 ## - СЕРИИ (Колекции) | |
| 9 (RLIN) | 396381 |
| Име на серия | Частна колекция - Академик Михаил Арнаудов |
| Бележки за серията | Дарение - Основен фонд |
| 500 ## - Общи забележки | |
| Забележка | Машинопис |
| 600 #0 - Име на лице, използвано като предмет | |
| 9 (RLIN) | 244444 |
| За него / За нея | Раковски, Георги Сава |
| 651 #7 - Допълнително описание по предмет - топоним | |
| 9 (RLIN) | 179078 |
| Географско понятие | Котел |
| 653 #7 - Ключова дума – ненормативна | |
| 9 (RLIN) | 191489 |
| Ключова дума | музеи |
| 852 ## - Местоположение | |
| Форматна сигнатура | МА 5033 |
| 999 ## - СИСТЕМНИ КОНТРОЛНИ НОМЕРА | |
| Koha biblionumber | 346158 |
| Koha biblioitemnumber | 346158 |
| 942 ## - АРТИКУЛИ | |
| Източник на класификационната схема | Universal Decimal Classification |
| Вид на библиотечния материал | Книги |
| Скрит в OPAC | Не |
| Периодичен библиозапис | Да |
| 999 ## - СИСТЕМНИ КОНТРОЛНИ НОМЕРА | |
| Koha biblioitemnumber | 346158 |
| Код за отписване | Код за изгубен артикул | Източник на класификационната схема | Код за повреда | Коз за рестрикции | Код за отдаване | Артикулен № | Име на библиотеката - собственик | Име на библиотеката, в която се намира в момента | Статус (Текущо местоположение) | Дата на вписване в системата | Местоположение - отдел | Цена в лева | Систематично азбучна сигнатура | Баркод | Цена в евро | Служебен тип на артикула |
|---|---|---|---|---|---|---|---|---|---|---|---|---|---|---|---|---|
| Не е изгубен | Universal Decimal Classification | Не е повреден | само за читалня | Специални фондове ( старопечатни, редки и ценни, фонд М. Арнаудов) | 748322 | Регионална библиотека "Любен Каравелов" Русе | Регионална библиотека "Любен Каравелов" Русе | Фонд "Михаил Арнаудов" | 2019-10-30 | Фонд "Михаил Арнаудов" | 11.00 | МА 5033 | 120000837185 | 5.62 | Книги |